Kadının sosyal hayata katılımı ve siyasal mobilizasyonu (Record no. 2744)

MARC details
000 -BAŞLIK
Sabit Uzunlukta Kontrol Alanı 01034na a2200277 4500
001 - KONTROL NUMARASI
Denetim Alanı 13339
003 - KONTROL NUMARASI IDENTIFIER
Denetim Alanı MIRAKIL
005 - SON İŞLEM TARİHİ VE ZAMANI
Denetim Alanı 20181213154908.0
008 - SABİT-BOY VERİ ELEMANLARI - GENEL BİLGİLER
Sabit Uzunlukta Kontrol Alanı 161024b tu 000 0
020 ## - ULUSLARARASI STANDART KİTAP NUMARASI
Uluslararası Standart Kitap Numarası 9759605155
035 ## - SİSTEM KONTROL NUMARASI
Sistem Kontrol Numarası 13339
040 ## - KATALOGLAMA KAYNAK
Orijinal Kataloglama Ajansı Milas
Kataloglama Dili tur
Metne Dönüştürmek Ajansı TR-AnCHP
041 ## - DİL KODU
Metin / Ses Parça Veya Ayrı Başlığın Dil Kodu tur
082 ## - DEWEY ONLU SINIFLANDIRMA NUMARASI
Sınıflandırma Numarası 305.42
Ürün Numarası K22 2000
090 ## - SINIFLAMA NUMARASI
Sınıflama Numarası 305.42 K22 2000
245 ## - BAŞLIK TABLOSU
Başlık Kadının sosyal hayata katılımı ve siyasal mobilizasyonu
Sorumluluk Tablosu, Vb Hazırlayan Kadının Sosyal Hayatını Araştırma Ve İnceleme Derneği ; Yayına Hazırlayan Yıldız Tokman
260 ## - YAYIN, DAĞITIM, VB
Yayın, Dağıtım, Vb Yeri Ankara
Yayıncı, Dağıtıcı, Vs Adı Kadının Sosyal Hayatını Araştırma ve İnceleme Derneği
Yayın, Dağıtım, Vb Tarihi 2000
300 ## - FİZİKSEL TANIM
Kapsam 111 s.
Diğer Fiziksel Ayrıntıları tbl.
Boyutlar 24 sm.
490 ## - SERİSİ TABLOSU
Seri Beyanı Kadının Sosyal Hayatını Araştırma ve İnceleme Derneği yayınları
Hacim / Ardışık Tanımı 17
650 ## - KONU KATMA GİRİŞ - TOPİKAL DÖNEM
Topikal Süreli Veya Coğrafi Ad Giriş Elemanı Kadınlar
Genel Alt Bölümü Siyasal haklar
Coğrafi Alt Bölümü Türkiye
650 ## - KONU KATMA GİRİŞ - TOPİKAL DÖNEM
Topikal Süreli Veya Coğrafi Ad Giriş Elemanı Kadınlar
Genel Alt Bölümü Sosyal yaşam
650 ## - KONU KATMA GİRİŞ - TOPİKAL DÖNEM
Topikal Süreli Veya Coğrafi Ad Giriş Elemanı Kadınlar
Genel Alt Bölümü Siyasal katılım
700 ## - KATMA GİRİŞ - KİŞİSEL İSİM
Kişisel Ad Tokman, Yıldız
710 ## - KATMA GİRİŞ - KURUMSAL ADI
Giriş Elemanı Olarak Kurumsal Ad Veya Yargı Alanı Adı Kadının Sosyal Hayatını Araştırma Ve İnceleme Derneği
942 ## - EKLENDİ GİRİŞ ELEMANLARI (KOHA)
Sınıflandırma Veya Raf Düzeni Kaynak Dewey Decimal Classification
Koha Öğesi Türü Books
999 ## - SİSTEM KONTROL NUMARALARI (KOHA)
Koha Biblionumber 2744
Koha Biblioitemnumber 2744
Holdings
Kalıcı Konum Mevcut Konum Edinme Tarihi Edinim Kaynak Toplam Check-Out'Lar Tam Çağrı Numarası Barkod Tarih Son Görülme İtibaren Geçerli Fiyatlar Koha Öğesi Türü
CHP Kütüphanesi CHP Kütüphanesi 08/13/2016 Bağış   305.42 K22 2000 000749 08/13/2016 08/13/2016 Books